Statistics for Most Recent President

Click here to take the quiz!

General Stats

  • This quiz has been taken 19 times
  • The average score is 13 of 18

Answer Stats

HintAnswer% Correct
Be impeachedBill Clinton
100%
Be PresidentDonald Trump
94%
Previously was Vice PresidentGeorge H. W. Bush
94%
Have a dog in the white houseBarack Hussein Obama
88%
Elected as a sitting senatorBarack Obama
88%
Own a professional football teamDonald Trump
88%
Be a generalDwight Eisenhower
88%
Die in officeJohn F. Kennedy
88%
Be shotRonald Reagan
88%
Previously lost a presidential election*Richard Nixon
82%
Not run for re-electionLyndon B. Johnson
76%
Previously was in a presidents' cabinetHerbert Hoover
65%
Have facial hairWilliam Taft
59%
Not born in a hospitalGerald Ford
53%
Be in federal politics after the presidencyWilliam Taft
47%
Be a bachelorJames Buchanan
41%
Elected as a governerBill Clinton
12%
Not elected as a democrat or republicanFranklin Pierce
12%

Score Distribution

Percentile by Number Answered

Percent of People with Each Score

Your Score History

You have not taken this quiz